【プロ野球】2025年の東北楽天ゴールデンイーグルスの選手 - Statistics

General Stats
  • This quiz has been taken 1,239 times
  • The average score is 47 of 70
Answer Stats
背番号 選手名 % Correct
11 岸孝之
99%
14 則本昂大
98%
17 古謝樹
87%
21 早川隆久
87%
19 荘司康誠
84%
15 ハワード
83%
2 太田光
77%
0 小深田大翔
77%
1 宗山塁
77%
3 浅村栄斗
77%
8 辰己涼介
77%
6 村林一輝
75%
7 鈴木大地
74%
9 ボイト
74%
55 安田悠馬
73%
4 阿部寿樹
73%
32 中島大輔
73%
35 島内宏明
73%
51 小郷裕哉
73%
70 石原彪
72%
23 フランコ
72%
24 黒川史陽
72%
39 伊藤裕季也
72%
65 堀内謙伍
71%
27 岡島豪郎
71%
31 渡辺翔太
70%
46 藤平尚真
70%
12 ゴンザレス
70%
25 田中和基
69%
28 酒居知史
68%
62 西口直人
68%
50 武藤敦貴
68%
22 小孫竜二
67%
43 宋家豪
67%
69 内星龍
67%
89 ヤフーレ
67%
26 中込陽翔
66%
56 鈴木翔天
66%
44 田中貴也
66%
48 渡邊佳明
66%
78 吉野創士
66%
47 藤井聖
65%
49 西垣雅矢
63%
42 山田遥楓
63%
34 山﨑剛
61%
36 吉納翼
61%
53 坂井陽翔
60%
41 加治屋蓮
59%
58 辛島航
59%
67 大内誠弥
59%
40 江原雅裕
58%
57 瀧中瞭太
58%
66 今野龍太
58%
73 小森航大郎
58%
82 辰見鴻之介
58%
38 弓削隼人
57%
52 津留﨑大成
57%
71 柴田大地
57%
45 松井友飛
56%
63 入江大樹
56%
79 前田銀治
56%
54 日當直喜
54%
59 泰勝利
54%
75 陽柏翔
54%
68 青野拓海
53%
72 宮森智志
52%
64 林優樹
51%
60 ワォーターズ璃海ジュミル
51%
61 松田啄磨
44%
28 德山一翔
39%
No matching quizzes found
Score Distribution
Percent of People with Each Score
Percentile by Number Answered
Your Score History
You have not taken this quiz